| 000 | 00425nam a22001697a 4500 | ||
|---|---|---|---|
| 003 | MPLRDC | ||
| 005 | 20220104114723.0 | ||
| 008 | 210129b ||||| |||| 00| 0 eng d | ||
| 082 | _a177.3 DHH | ||
| 100 | _a多湖辉 | ||
| 245 |
_a金钱心理学 _c廖松涛译 |
||
| 250 | _a三版 | ||
| 260 |
_a _b大展出版社有限公司 _c1990 |
||
| 300 | _b平 | ||
| 650 | _a应用心理学--人际关系 | ||
| 942 |
_cBK _o177.3 DHH |
||
| 999 |
_c9705 _d9695 |
||